Ostrov Barnabáš

Podrobná bibliografia
Hlavný autor: Blažeková, Daniela, 1961- (Autor)
Médium: Článok
Jazyk:slovenčina
Predmet:

MARC

LEADER 00000nab a2200000 a 4500
001 vtls000371269
003 SK-MaSNL
005 20260305014939.0
008 250424c1990 xo 0 slo
015 |a SNBRB19rr/mm-uuuuu 
035 |a CL0371391 
035 |a urn:nbn:sk:snk-abbk4b 
035 |a (urnnbn)urn:nbn:sk:snk:ar-002lpz 
035 |a (uuid)fe1edbdb-d354-45b5-9620-820550e73285 
040 |a SNKBUCL  |b slo  |c SNKBUCL  |e AACR2 
041 0 |a slo 
044 |a xo  |c SK 
080 |a 885.4-1  |2 1981 
100 1 |a Blažeková, Daniela,  |d 1961-  |4 aut  |9 6788 
245 1 0 |a Ostrov Barnabáš  |c Daniela Blažeková 
500 |a Informácia o autorke. 
655 7 |a slovenská poézia  |2 snkbucl  |9 70444 
655 7 |a články z novín a časopisov  |2 snkbucl  |9 267496 
773 0 |t Dotyky  |g Roč. 2, č. 1 (1990), s. 20 
850 |a Slovenská národná knižnica 
852 |a Slovenská národná knižnica 
958 |a article15 
958 |a OND 
958 |a RK 
958 |a LX 
958 |a EUIPO 
992 |a RBX 
999 |c 3272162  |d 3274092